000 00728cab a2200229 4500
001 ABS55376
008 090401t1996 xxu||||| |||| 00| 0 eng d
035 _a(Sirsi) u16049
041 _aeng
100 _aBrymer, S.
245 _aRent review and waiver
260 _c1996
350 _a0
490 _aProperty Law
_v(19) February 1996, 10-11(2)
520 _aLooks at the question of the effect of the failure to serve a rent review notice in a commercial lease, distiinguishing the position in Scotland from that south of the border.
650 _aCOMMERCIAL LEASES
650 _aRENT REVIEW NOTICE
650 _aRENT REVIEWS
690 _aLANDLORD AND TENANT-RENT REVIEWS
942 _n0
948 _c04/03/1997
999 _c10555
_d10555